000 00673nam a2200289Ia 4500
005 20260324122914.0
008 008 260324s9999 xx 000 0 eng d
020 _a9780203100226
037 _aEBOOK
040 _aCRL
040 _beng
040 _cCRL
041 _2eng
041 _aeng
084 _qCRL
100 _aRory Hyde
_91168279
245 0 _aFuture Practice
245 0 _bConversations from the Edge of Architecture
260 _bTaylor and Francis
260 _c2012
365 _a
365 _b290
856 _uhttp://www.taylorfrancis.com/books/9780203100226
942 _cEBOOK
999 _c1761350
_d1761350